Champions League Topscorer 2009/10 - Statistiken

Allgemein
  • Dieses Quiz wurde 33 mal gespielt
  • Das Durchschnittsergebnis liegt bei 11 aus 17
Antwortstatistiken
Rang Nation Verein Tore Antwort % Korrekt
2 Portugal Real Madrid 7 Cristiano Ronaldo
100%
1 Argentinien Barcelona 8 Lionel Messi
100%
8 Niederlande Bayern München 4 Arjen Robben
90%
8 Bosnien-Herzegowina VFL Wolfsburg 4 Edin Dzeko
90%
5 England Manchester United 5 Wayne Rooney
90%
8 Schweden Barcelona 4 Zlatan Ibrahimovic
90%
2 Kroatien Bayern München 7 Ivica Olic
84%
8 Spanien Arsenal 4 Cesc Fabregas
65%
4 Argentinien Inter 6 Diego Milito
65%
8 Kolumbien FC Porto 4 Radamel Falcao
61%
8 Spanien Barcelona 4 Pedro
58%
5 Dänemark Arsenal 5 Nicklas Bendtner
52%
8 Montenegro Fiorentina 4 Stevan Jovetic
42%
8 Bosnien- Herzegowina OL Lyon 4 Miralem Pjanic
29%
8 England Manchester United 4 Michael Owen
26%
5 Marokko Girondins Bordeaux 5 Marouane Chamakh
23%
8 Serbien CSKA Moskva 4 Miloš Krasic
6%
Keine übereinstimmenden Quizze gefunden
Verteilung der Resultate
Anzahl Personen mit jedem Resultat
Perzentil nach korrekt beantworteten Fragen
Ihre Resultats-Entwicklung
Sie haben dieses Quiz noch nicht gespielt